E-Content on learning Physics / (Record no. 172292)

MARC details
000 -LEADER
fixed length control field 00565nam a22001937a 4500
005 - DATE AND TIME OF LATEST TRANSACTION
control field 20200131113006.0
010 ## - LCCN (DPL NO)
LC control number ENG-127583
020 ## - INTERNATIONAL STANDARD BOOK NUMBER
International Standard Book Number 9789388398848
Terms of availability 200.00
035 ## - SYSTEM CONTROL NUMBER
System control number EN-111115
037 ## - SOURCE OF ACQUISITION
Source of stock number/acquisition DBAD/PUB
082 ## - DEWEY DECIMAL CLASSIFICATION NUMBER
Classification number 530.00
100 ## - MAIN ENTRY--PERSONAL NAME
Personal name N.Sudha Kumari
245 ## - TITLE STATEMENT
Title E-Content on learning Physics /
Statement of responsibility, etc by N.Sudha Kumari [and] G.Rexlin Jose
260 ## - PUBLICATION, DISTRIBUTION, ETC. (IMPRINT)
Place of publication, distribution, etc Tamil Nadu
Name of publisher, distributor, etc Shanlax
Date of publication, distribution, etc 2019
270 ## - ADDRESS
City Tamil Nadu
Address 61,66 T.P.K Main Road Vasantha Nagar
Postal code 625003
300 ## - PHYSICAL DESCRIPTION
Extent 136p.
Other physical details 22 cm(pbk)
500 ## - GENERAL NOTE
General note
942 ## - ADDED ENTRY ELEMENTS (KOHA)
Source of classification or shelving scheme Dewey Decimal Classification
Item type English Books
Classification part 530
Call number suffix SUD
Holdings
Withdrawn status Lost status Not for loan Collection code Home library Current library Date acquired Source of acquisition Cost, normal purchase price Full call number Barcode Copy number Cost, replacement price Koha item type
      Non-fiction Sarojini Nagar Sarojini Nagar 31/01/2020 DBAD/PUB 200.00 530 SUD EN-111115 1 200.00 English Books

© Delhi Public Library
Hit Counter
free hit counter